Elements of applied stochastic processes
Αποθηκεύτηκε σε:
| Κύριος συγγραφέας: | |
|---|---|
| Άλλοι συγγραφείς: | |
| Μορφή: | Βιβλίο |
| Γλώσσα: | English |
| Δημοσίευση: |
Hoboken, N.J. :
Wiley-Interscience,
c2002
|
| Έκδοση: | 3rd ed. |
| Σειρά: | Wiley series in probability and statistics
|
| Θέματα: | |
| Ετικέτες: |
Προσθήκη ετικέτας
Δεν υπάρχουν, Καταχωρήστε ετικέτα πρώτοι!
|
MARC
| LEADER | 00000nam a2200000 i 4500 | ||
|---|---|---|---|
| 001 | 1/63309 | ||
| 008 | 041019s2002 eng d | ||
| 020 | |a 0-471-41442-5 (hbk.) | ||
| 035 | |l 10074811 | ||
| 040 | |a GR-MY-UA |b gre |e aacr | ||
| 041 | 0 | |a eng | |
| 082 | 0 | |a 519.2 | |
| 100 | 1 | |a Bhat, U. Narayan |d 1933- | |
| 245 | 1 | 0 | |a Elements of applied stochastic processes / |c U.Narayan Bhat, Gregory K. Miller |
| 250 | |a 3rd ed. | ||
| 260 | |a Hoboken, N.J. : |b Wiley-Interscience, |c c2002 | ||
| 300 | |a xi, 461 σ.; |c 24 εκ. | ||
| 490 | 1 | |a Wiley series in probability and statistics | |
| 504 | |a Περιέχει βιβλιογραφικές αναφορές και ευρετήριο | ||
| 650 | 0 | 0 | |a Stochastic processes. |
| 700 | 1 | |a Miller, G. K. |q (Gregory K.) | |
| 830 | 0 | |a Wiley series in probability and statistics | |
| 852 | |a INST |b CHIOS |e 20050517 |h 519.2 BHA |p 005200021969 |q 005200021969 |t BK |y 0 | ||
| 852 | |a INST |b CHIOS |e 20070809 |h 519.2 BHA |p 005200025795 |q 005200025795 |t BK |y 0 | ||
| 852 | |a INST |b SAMOS |e 20041019 |h 519.2 BHA |p 005300023000 |q 005300023000 |t BK |y 0 | ||
| 901 | |a BIBL3-2004-3 | ||
| 901 | |a BIBL2-2005-2 | ||
| 901 | |a BIBL2-2007-2 | ||
| 909 | |a Σ |b 107648 | ||
| 909 | |a Χ |b 112931 | ||
| 909 | |a Χ |b 136940 | ||
| 920 | |a ΔΙΕΥΡΥΝΣΗ |b ΕΠΕΑΕΚ-ΤΣΑΕ |y ΣΑΜΟΣ |z 2004-10 | ||
| 920 | |a ΔΙΕΥΡΥΝΣΗ |b ΕΠΕΑΕΚ-ΤΜΟΔ |y ΧΙΟΣ |z 2004-12 | ||
| 922 | |a 2ΕΛΗ |b 200707 |c ΕΠΕΑΕΚ2/ΤΜΟΔ |d ΠΑΠΑΣΩΤΗΡΙΟΥ | ||
| 970 | |a ΠΟΥΡΝΑΡΑΣ |b ΔΗΜΗΤΡΗΣ |z 2004/10/19 | ||